1338 1842 1952 1651 1694 1171 1821 1389 1306 1371 1813 1353 1453 1403 1646 1144 1820 1022 1501 1455 1163 1277 1087 1012 1464 1364 1341 1719 1518 1959 1768 1148 1090 1359 1845 1785 1441 1993 1728 1922 1389 1470 1001 1523 1311 1685 1586 1667 1004 1266 1841 1858 1112 1810 1855 1032 1015 1973 1691 1537 1978 1081 1055 1239 1773 1910 1556 1895 1617 1509 1435 1715 1044 1468 1183 1738 1227 1725 1566 1342 1469 1953 1018 1693 1552 1105 1743 1438 1507 1523 1912 1852 1078 1420 1541 1984 1013 1033 1784 BCNSPRNW ULIB Ver.6.0+V

เปลี่ยนเป็นภาษาไทย

Change to English
 แสดงรายละเอียดบรรณานุกรม
  กลับหน้าหลัก

Brief Record : Get Marc (ISO 2709) : E-mail record : QR code < ปิดหน้าต่าง
LEADER : 00000nam 2200000uu 4500
001    13399124613
003     ULIB
008    151022s2558||||th 000 0 tha d
060 04 ^aWY105^bพ219 2558
245 00 ^aพยาบาล :^bพลังเพื่อการเปลี่ยนแปลงเพื่อประสิทธิผลและความคุ้มค่าในการดูแล /^cบรรณาธิการ, จินตนา ยูนิพันธุ์วราภรณ์ ชัยวัฒน์ และ ประนอม รอดคำดี ; คณะผู้แปล สุวิมล โรจนาวี และฤทัยวรรณ นวมพันธ์
246 30 ^aพลังเพื่อการเปลี่ยนแปลง เพื่อประสิทธิผลและความคุ้มค่าในการดูแล
250    ^aพิมพ์ครั้งที่ 1
260    ^aกรุงเทพฯ :^bสำนักพิมพ์สื่อตะวัน,^c2558
300    ^a63 หน้า ;^c29 ซม.
650  4 ^aการจัดการองค์การ
650  4 ^aพยาบาล
650  4 ^aการพยาบาล, บริการ^xองค์การและการบริหาร
650  4 ^aบทบาท
650  4 ^aการพยาบาล, การให้บริการ
700 0  ^aจินตนา ยูนิพันธุ์,^eบรรณาธิการ
700 0  ^aวราภรณ์ ชัยวัฒน์,^eบรรณาธิการ
700 0  ^aพิมล พันธุ์วิไล,^eผู้แปล
700 0  ^aฤทัยวรรณ นวมพันธ์,^eผู้แปล
700 0  ^aประนอม รอดคำดี,^eบรรณาธิการ
945    ^p0^l0^i000145
999    ^aเกษร โพธิ์สุวรรณ
รายการนี้ยังไม่มีแท็ก
คุณยังไม่ได้ล็อกอิน คุณสามารถมีกิจกรรมร่วมกับเว็บไซต์ได้ แต่ต้องล็อกอินก่อน ::
  ล็อกอิน

รายการสื่อสารสนเทศ

ลำดับที่ ประเภท เลขเรียก/บาร์โค้ด สถานที่ สถานะ
1. Book การพยาบาล
หนังสือสำรอง
สถานะ=หนังสือสำรอง
WY105 พ219 2558 ฉ.1 
  Barcode: 000145
ห้องสมุดวิทยาเขตสวรรค์ประชารักษ์
►หนังสือทั่วไป
บนชั้น

รายการใกล้เคียง
    หัวเรื่อง [การจัดการองค์การ]
    หัวเรื่อง [พยาบาล]
    หัวเรื่อง [บทบาท]

BibComment


ยังไม่เคยถูกคอมเมนท์

คอมเมนท์ทรัพยากรรายการนี้
  คอมเมนท์: พยาบาล พลังเพื่..


 Copyright 2026. Bcnsprnw @Library